000
00324nam a22001457a 4500
003
SGT
082
_a
617.41
_b
M14D
100
_a
DUNGHAV, MANISHA
245
_a
M.C.Q.S ON ASTANGAHRIDAYA
260
_a
VARANASI
_b
CHAUKHAMBHA PUB
_c
2014
300
_a
102
650
_a
ASTANGAHRIDAYA
653
_a
AYURVEDA
942
_2
ddc
_c
BK
_0
3
999
_c
8370
_d
8370